[Event "4NCL/Div4/CONQ1 vs. CELT1"]
[Site "Staverton Park ENG"]
[Date "2008.02.10"]
[Round "6.4"]
[White "Haldane, Robin"]
[Black "Auckland, Elliott"]
[Result "0-1"]
[WhiteElo "2153"]
[BlackElo "1925"]
[PlyCount "80"]
[EventDate "2008.02.10"]
[EventType "team"]
[EventRounds "11"]
[EventCountry "ENG"]
[SourceDate "2007.09.15"]

1. e4 c5 2. Nf3 e6 3. d4 cxd4 4. Nxd4 a6 5. Nc3 b5 6. Bd3 Qc7 7. O-O Bb7 8. Kh1
Nf6 9. Re1 h5 10. f3 h4 11. e5 h3 12. Ndxb5 axb5 13. Nxb5 Qc6 14. exf6 gxf6 15.
Bf4 Na6 16. Nd4 Qc5 17. Bb5 Rd8 18. c3 Nc7 19. Qe2 Be7 20. b4 Qxc3 21. Nf5 Nxb5
22. Qxb5 Bxf3 23. Ne3 hxg2+ 24. Kg1 Qd4 25. Qc4 Qxc4 26. Nxc4 Rh4 27. Nd6+ Kf8
28. Bg3 Rxb4 29. Re3 Bd5 30. a3 Ra4 31. Nb5 Bc6 32. Rb1 e5 33. Rbb3 Bc5 34. Bf2
Bxe3 35. Bxe3 Rc4 36. Nd6 Rc2 37. Bh6+ Ke7 38. Nf5+ Ke6 39. Ng7+ Kd6 40. Nf5+
Kc7 0-1

[Event "4NCL/Div4/CONQ1 vs. CELT1"]
[Site "Staverton Park ENG"]
[Date "2008.02.10"]
[Round "6.6"]
[White "Quinn, Rory"]
[Black "Ynojosa, Angelica M"]
[Result "1-0"]
[WhiteElo "2024"]
[BlackElo "1880"]
[PlyCount "123"]
[EventDate "2008.02.10"]
[EventType "team"]
[EventRounds "11"]
[EventCountry "ENG"]
[SourceDate "2007.09.15"]

1. e4 c5 2. Nf3 e6 3. Nc3 a6 4. d4 cxd4 5. Nxd4 Qc7 6. Be3 Nf6 7. Bd3 Be7 8. f4
d6 9. g4 h6 10. Qf3 b5 11. O-O-O Bb7 12. h4 Nc6 13. g5 Nxd4 14. Bxd4 e5 15.
gxf6 exd4 16. Nxb5 Qa5 17. Qh5 Qb6 18. fxe7 axb5 19. Qxb5+ Qxb5 20. Bxb5+ Kxe7
21. Rxd4 Rxa2 22. Rhd1 Ra1+ 23. Kd2 Rxd1+ 24. Kxd1 Ra8 25. Kd2 Ke6 26. Bc4+ Ke7
27. Be2 Ra1 28. Bd1 Ra5 29. b4 Ra3 30. Rd3 Ra4 31. Rd4 Ra3 32. Rc4 Kf6 33. c3
Ra2+ 34. Bc2 Ba8 35. Kd3 Ra1 36. Rc7 Re1 37. Kd4 Rf1 38. Bb3 Re1 39. Rxf7+ Kg6
40. Re7 Kh7 41. h5 Bc6 42. Bf7 Rf1 43. Bg6+ Kg8 44. Rc7 Rd1+ 45. Ke3 Bb7 46.
Rxb7 Kf8 47. e5 dxe5 48. fxe5 Re1+ 49. Kd4 Rd1+ 50. Ke4 Re1+ 51. Kd5 Ra1 52.
Rb8+ Ke7 53. Re8+ Kd7 54. e6+ Kc7 55. Kc5 Rc1 56. c4 Rg1 57. b5 Rg5+ 58. Kb4
Rg4 59. Re7+ Kd6 60. Rxg7 Kxe6 61. Bf7+ Kf5 62. Be6+ 1-0

[Event "4NCL/Div4/AMCAD vs. FCA2"]
[Site "Staverton Park ENG"]
[Date "2008.02.10"]
[Round "6.1"]
[White "Purdon, Colin"]
[Black "Fraser-Mitchell, Jeremy"]
[Result "1-0"]
[WhiteElo "2125"]
[BlackElo "2053"]
[PlyCount "53"]
[EventDate "2008.02.10"]
[EventType "team"]
[EventRounds "11"]
[EventCountry "ENG"]
[SourceDate "2007.09.15"]

1. d4 f5 2. e4 fxe4 3. Nc3 Nf6 4. Bg5 Nc6 5. d5 Ne5 6. Qe2 c6 7. O-O-O Nf7 8.
h4 Qa5 9. Bxf6 gxf6 10. Qxe4 Bh6+ 11. f4 Nd6 12. Qf3 Qb4 13. Qh5+ Nf7 14. g3
Rg8 15. Nge2 d6 16. Bh3 Bxh3 17. Rxh3 c5 18. Qf5 Rg6 19. Kb1 Bf8 20. h5 Rg7 21.
Ne4 Nd8 22. g4 Rf7 23. Re3 Qb6 24. Nxf6+ Rxf6 25. Qxf6 c4 26. Qd4 Qc7 27. g5
1-0

[Event "4NCL/Div4/AMCAD vs. FCA2"]
[Site "Staverton Park ENG"]
[Date "2008.02.10"]
[Round "6.2"]
[White "Majer, Chris E"]
[Black "Bonafont, Philip"]
[Result "0-1"]
[WhiteElo "2075"]
[BlackElo "2103"]
[PlyCount "142"]
[EventDate "2008.02.10"]
[EventType "team"]
[EventRounds "11"]
[EventCountry "ENG"]
[SourceDate "2007.09.15"]

1. e4 c5 2. d4 cxd4 3. c3 Nf6 4. e5 Nd5 5. cxd4 d6 6. Bc4 Nb6 7. Bb5+ Bd7 8. e6
Bxb5 9. Qh5 Qc8 10. Qxb5+ Kd8 11. Be3 Qxe6 12. d5 Qd7 13. Bxb6+ axb6 14. Qxb6+
Qc7 15. Qxc7+ Kxc7 16. Nc3 g6 17. Rc1 Kd7 18. Nge2 Bg7 19. O-O Rc8 20. b3 b5
21. Rfd1 Ra6 22. Kf1 Kd8 23. Ke1 Rc5 24. Rd3 b4 25. Na4 Rxc1+ 26. Nxc1 Nd7 27.
Rd2 Rxa4 28. bxa4 Bc3 29. Kd1 Bxd2 30. Kxd2 Nb6 31. a5 Nxd5 32. g3 Kc7 33. Kd3
Kc6 34. Kc4 e6 35. Nb3 Kb7 36. Kb5 Nc3+ 37. Kxb4 Nxa2+ 38. Kb5 Nc3+ 39. Kb4
Nd5+ 40. Kb5 Nc7+ 41. Kb4 Ka6 42. Nd4 Nd5+ 43. Ka4 Ne7 44. Nf3 h6 45. Nd4 e5
46. Nb5 d5 47. Nd6 f6 48. Ne8 f5 49. Nc7+ Kb7 50. Ne6 d4 51. Kb5 Ka7 52. Nc5 e4
53. Nb3 d3 54. Nd2 Nd5 55. Kc5 Nc3 56. Kd4 Nd1 57. f4 e3 58. Kxd3 exd2 59. Kxd2
Nf2 60. Ke3 Ng4+ 61. Kd4 Nxh2 62. Ke5 Nf1 63. Kf6 Nxg3 64. Kxg6 Ka6 65. Kxh6
Kxa5 66. Kg5 Kb5 67. Kh4 Ne4 68. Kh5 Kc4 69. Kg6 Ng3 70. Kg5 Kd4 71. Kh4 Ne2
0-1

[Event "4NCL/Div4/AMCAD vs. FCA2"]
[Site "Staverton Park ENG"]
[Date "2008.02.10"]
[Round "6.3"]
[White "Morris-Hill, Ray"]
[Black "Elwin, Adrian G"]
[Result "1-0"]
[WhiteElo "2129"]
[BlackElo "2033"]
[PlyCount "87"]
[EventDate "2008.02.10"]
[EventType "team"]
[EventRounds "11"]
[EventCountry "ENG"]
[SourceDate "2007.09.15"]

1. d4 Nf6 2. Nf3 g6 3. Nc3 d5 4. Bf4 c6 5. e3 Bg7 6. Be2 Bg4 7. Ne5 Bxe2 8.
Qxe2 Nbd7 9. h4 Nxe5 10. Bxe5 Nh5 11. Bxg7 Nxg7 12. O-O-O Qd7 13. e4 O-O-O 14.
exd5 cxd5 15. Rd3 Rhe8 16. Nb5 f6 17. Nxa7+ Kb8 18. Ra3 e5 19. Qd2 Ne6 20. dxe5
fxe5 21. Qa5 Nc7 22. Rb3 Re6 23. Nb5 Nxb5 24. Rxb5 e4 25. Rh3 Qc7 26. Qxc7+
Kxc7 27. Rc3+ Rc6 28. Re3 b6 29. Kd2 Kd6 30. c3 Rf8 31. Ke2 Rf4 32. g3 Rf7 33.
f3 exf3+ 34. Rxf3 Rxf3 35. Kxf3 Ke5 36. Ke3 h5 37. Rb4 Rf6 38. a4 Rc6 39. Rb5
Rc4 40. Rxb6 g5 41. hxg5 Rg4 42. Kf3 Rxg5 43. a5 Rg4 44. Rh6 1-0

[Event "4NCL/Div4/AMCAD vs. FCA2"]
[Site "Staverton Park ENG"]
[Date "2008.02.10"]
[Round "6.4"]
[White "Valentine, Brian J"]
[Black "McCullough, Simon L"]
[Result "1-0"]
[WhiteElo "1986"]
[BlackElo "2080"]
[PlyCount "109"]
[EventDate "2008.02.10"]
[EventType "team"]
[EventRounds "11"]
[EventCountry "ENG"]
[SourceDate "2007.09.15"]

1. e4 e6 2. d3 d5 3. Nd2 Nf6 4. Ngf3 c5 5. g3 Nc6 6. Bg2 dxe4 7. dxe4 e5 8. O-O
Bg4 9. h3 Bh5 10. c3 Bd6 11. Re1 Qe7 12. Nc4 Rd8 13. Qb3 O-O 14. Nh4 Bg6 15.
Bg5 b6 16. Ne3 Na5 17. Nxg6 hxg6 18. Qc2 Qe6 19. c4 Be7 20. Nd5 Nc6 21. Be3 Nd4
22. Qd3 Nh7 23. f4 Bf6 24. Rf1 g5 25. f5 Qc6 26. Kh2 Rfe8 27. a3 Qa4 28. Bxd4
exd4 29. b4 Qc6 30. e5 Rxe5 31. Ne7+ Rxe7 32. Bxc6 Re3 33. Qd2 Rc3 34. Rac1
Rxa3 35. Rf3 Rxf3 36. Bxf3 g4 37. Bxg4 Bg5 38. Qd1 Bxc1 39. Qxc1 d3 40. Qd2 Nf6
41. Bf3 Rd4 42. bxc5 bxc5 43. Kg2 Nd7 44. Qa5 d2 45. Bd1 f6 46. Qxa7 Kf8 47.
Kf2 Ke8 48. Qa8+ Kf7 49. Qd8 Ne5 50. Bh5+ g6 51. fxg6+ Kg7 52. Qe7+ Kh6 53.
Qh7+ Kg5 54. g7 Nd3+ 55. Ke3 1-0

[Event "4NCL/Div4/AMCAD vs. FCA2"]
[Site "Staverton Park ENG"]
[Date "2008.02.10"]
[Round "6.5"]
[White "Duvall, Ian"]
[Black "Matthews, Adrian"]
[Result "0-1"]
[WhiteElo "2045"]
[BlackElo "1920"]
[PlyCount "60"]
[EventDate "2008.02.10"]
[EventType "team"]
[EventRounds "11"]
[EventCountry "ENG"]
[SourceDate "2007.09.15"]

1. d4 Nf6 2. c4 c5 3. d5 b5 4. cxb5 a6 5. b6 g6 6. Nc3 Qxb6 7. e4 d6 8. Nf3 Bg4
9. Be2 Bxf3 10. Bxf3 Nbd7 11. O-O Bg7 12. a4 O-O 13. a5 Qc7 14. Be2 Rfb8 15. f4
Rb4 16. Bf3 Rab8 17. Qe2 c4 18. Ra3 Ne8 19. Rd1 Nc5 20. e5 Nd3 21. exd6 Nxd6
22. Ra2 Bd4+ 23. Kf1 Nf5 24. Rxd3 cxd3 25. Qxd3 Ba7 26. Ne2 Qc5 27. Ke1 Qf2+
28. Kd1 Rc8 29. Bd2 Ne3+ 30. Qxe3 Qf1+ 0-1

[Event "4NCL/Div4/AMCAD vs. FCA2"]
[Site "Staverton Park ENG"]
[Date "2008.02.10"]
[Round "6.6"]
[White "Shaw, John S"]
[Black "Staples, Daniel J"]
[Result "0-1"]
[WhiteElo "1890"]
[BlackElo "2045"]
[PlyCount "78"]
[EventDate "2008.02.10"]
[EventType "team"]
[EventRounds "11"]
[EventCountry "ENG"]
[SourceDate "2007.09.15"]

1. d4 Nf6 2. Nf3 e6 3. e3 b6 4. Bd3 Bb7 5. O-O Be7 6. c4 O-O 7. Nc3 d5 8. b3
Nbd7 9. Bb2 c5 10. Re1 Ne4 11. cxd5 Nxc3 12. Bxc3 exd5 13. Rc1 Rc8 14. Bf5 g6
15. Bxd7 Qxd7 16. Ne5 Qf5 17. dxc5 Rxc5 18. Ng4 Bg5 19. f4 h5 20. Qd4 f6 21.
fxg5 hxg4 22. gxf6 Rf7 23. Qe5 Qc8 24. Qg5 Rxc3 25. Qxg6+ Kf8 26. Qh6+ Ke8 27.
Rcd1 Qc5 28. Qg6 Qf8 29. e4 Qc5+ 30. Kh1 d4 31. e5 Rc2 32. Rg1 Qxe5 33. Rde1
Bxg2+ 34. Rxg2 Qxe1+ 35. Rg1 Qe2 36. Qg8+ Rf8 37. Qg6+ Kd8 38. Qh6 Qf3+ 39. Rg2
Qxg2# 0-1

[Event "4NCL/Div4/SSC vs. SCS"]
[Site "Staverton Park ENG"]
[Date "2008.02.10"]
[Round "6.1"]
[White "Elliston, Robert"]
[Black "Haydon, David"]
[Result "1/2-1/2"]
[WhiteElo "2115"]
[BlackElo "2108"]
[PlyCount "51"]
[EventDate "2008.02.10"]
[EventType "team"]
[EventRounds "11"]
[EventCountry "ENG"]
[SourceDate "2007.09.15"]

1. c4 c6 2. Nf3 d5 3. b3 Nf6 4. Bb2 Nbd7 5. g3 e6 6. Bg2 Bd6 7. d4 O-O 8. O-O
Qe7 9. Nc3 Ba3 10. Bxa3 Qxa3 11. Qd3 b6 12. cxd5 Ba6 13. Qd2 cxd5 14. Rfc1 Rac8
15. Ne1 Rc6 16. Nc2 Qd6 17. a3 Bb7 18. Nb4 Rcc8 19. Nb5 Qb8 20. Qf4 a5 21. Qxb8
Rxb8 22. Nc6 Bxc6 23. Rxc6 Rfc8 24. Rac1 Rxc6 25. Rxc6 Kf8 26. e3 1/2-1/2

[Event "4NCL/Div4/SSC vs. SCS"]
[Site "Staverton Park ENG"]
[Date "2008.02.10"]
[Round "6.2"]
[White "Baptie, Justin P"]
[Black "Salimbeni, George"]
[Result "0-1"]
[WhiteElo "2102"]
[BlackElo "2038"]
[PlyCount "172"]
[EventDate "2008.02.10"]
[EventType "team"]
[EventRounds "11"]
[EventCountry "ENG"]
[SourceDate "2007.09.15"]

1. e4 e5 2. Nf3 Nc6 3. Bb5 a6 4. Ba4 Nf6 5. O-O Be7 6. Re1 b5 7. Bb3 O-O 8. c3
d6 9. d4 Bg4 10. d5 Na5 11. Bc2 c6 12. dxc6 Nxc6 13. Nbd2 d5 14. exd5 Qxd5 15.
Qe2 Rfe8 16. Bb3 Qd7 17. Ne4 h6 18. h3 Bh5 19. Ng3 Bg6 20. Rd1 Qc7 21. Nh4 Bh7
22. Nhf5 Na5 23. Bc2 Bf8 24. Ne4 Nxe4 25. Qxe4 Bg6 26. h4 Bxf5 27. Qxf5 g6 28.
Qg4 h5 29. Qg3 Rac8 30. Bg5 Bg7 31. Bb3 Nxb3 32. axb3 Qc6 33. Rd3 Qe6 34. b4
Rc4 35. Rad1 Rc6 36. Rd5 Rec8 37. Qd3 Qg4 38. Rd8+ Rxd8 39. Qxd8+ Kh7 40. Qd7
Qc4 41. Qd5 Qxd5 42. Rxd5 f5 43. Kf1 Kg8 44. Ke2 Kf7 45. Rd7+ Kf8 46. f3 Bf6
47. Bxf6 Rxf6 48. Kd3 Ke8 49. Rd5 Re6 50. b3 Ke7 51. c4 bxc4+ 52. bxc4 e4+ 53.
fxe4 Rxe4 54. Kc3 Re3+ 55. Rd3 Re2 56. g3 Re1 57. Kd4 Kd6 58. c5+ Kc6 59. Re3
Rd1+ 60. Rd3 Re1 {=} 61. Kc3 Re6 62. Kc4 Re4+ 63. Kb3 {=} Kb5 64. Rd6 Rxb4+ 65.
Kc3 Rg4 66. Rb6+ Kxc5 67. Rxa6 Rxg3+ 68. Kd2 Kd4 69. Ke2 f4 70. Kf2 Ke4 71. Ra5
Rd3 72. Ra6 Rd2+ 73. Ke1 Rg2 74. Kf1 Rg3 75. Kf2 Kf5 76. Rb6 Re3 77. Rb5+ Re5
78. Rb1 Ra5 79. Rg1 Ra2+ 80. Kf3 Ra3+ 81. Kf2 Rg3 82. Rh1 Kg4 83. Rh2 f3 84.
Rh1 Rg2+ 85. Kf1 Kg3 86. Ke1 f2+ 0-1

[Event "4NCL/Div4/SSC vs. SCS"]
[Site "Staverton Park ENG"]
[Date "2008.02.10"]
[Round "6.3"]
[White "Bucher, Grant W"]
[Black "Moyse, Nigel"]
[Result "1-0"]
[WhiteElo "1938"]
[BlackElo "2067"]
[PlyCount "61"]
[EventDate "2008.02.10"]
[EventType "team"]
[EventRounds "11"]
[EventCountry "ENG"]
[SourceDate "2007.09.15"]

1. e4 Nf6 2. e5 Nd5 3. d4 d6 4. c4 Nb6 5. f4 dxe5 6. fxe5 Bf5 7. Nc3 e6 8. Be3
Nc6 9. Nf3 Nb4 10. Rc1 c5 11. a3 cxd4 12. Nxd4 Nc6 13. Nxc6 Qxd1+ 14. Rxd1 bxc6
15. Be2 Nd7 16. Bf4 h6 17. Bf3 Rc8 18. O-O a5 19. Rd2 Bc5+ 20. Kh1 g5 21. Bg3
Be3 22. Rd6 Nb8 23. b4 h5 24. h4 g4 25. Be4 Bxe4 26. Nxe4 Ke7 27. Rd3 Bb6 28.
Nd6 Rcf8 29. Bf4 axb4 30. Bg5+ Kd7 31. Rxf7+ 1-0

[Event "4NCL/Div4/SSC vs. SCS"]
[Site "Staverton Park ENG"]
[Date "2008.02.10"]
[Round "6.4"]
[White "Heard, Andrew H"]
[Black "Fraser, Joe P"]
[Result "0-1"]
[WhiteElo "2010"]
[BlackElo "1987"]
[PlyCount "56"]
[EventDate "2008.02.10"]
[EventType "team"]
[EventRounds "11"]
[EventCountry "ENG"]
[SourceDate "2007.09.15"]

1. e4 c5 2. Nf3 Nc6 3. c3 Nf6 4. Bd3 e5 5. O-O Be7 6. Bc2 d5 7. d3 O-O 8. Nbd2
Qc7 9. Re1 b6 10. Nf1 Rd8 11. Qe2 dxe4 12. dxe4 h6 13. Ng3 Be6 14. Nh4 Bf8 15.
Nhf5 Kh7 16. f3 g6 17. Ne3 Bg7 18. Ba4 a6 19. Bxc6 Qxc6 20. b3 b5 21. Bb2 c4
22. b4 Rd3 23. Rad1 Rad8 24. Rxd3 cxd3 25. Qd2 Bxa2 26. c4 bxc4 27. Bxe5 Bb3
28. Ne2 Nxe4 0-1

[Event "4NCL/Div4/SSC vs. SCS"]
[Site "Staverton Park ENG"]
[Date "2008.02.10"]
[Round "6.5"]
[White "Tucker, Andrew L"]
[Black "Sathyanandha, Saravanan"]
[Result "0-1"]
[WhiteElo "1963"]
[BlackElo "1908"]
[PlyCount "48"]
[EventDate "2008.02.10"]
[EventType "team"]
[EventRounds "11"]
[EventCountry "ENG"]
[SourceDate "2007.09.15"]

1. d4 Nf6 2. Bg5 e6 3. e3 c5 4. c3 d5 5. Bd3 Nbd7 6. f4 Qb6 7. Qc2 Ng4 8. f5 f6
9. h3 fxg5 10. hxg4 e5 11. Nh3 Be7 12. Qd2 h6 13. Be2 exd4 14. exd4 O-O 15. Bf3
Nf6 16. Nf2 Bd7 17. Nd3 Rfe8 18. O-O cxd4 19. Kh1 Bb5 20. Rd1 Ne4 21. Qc2 Bd6
22. Bxe4 dxe4 23. c4 exd3 24. Qb3 Bc6 0-1

[Event "4NCL/Div4/SSC vs. SCS"]
[Site "Staverton Park ENG"]
[Date "2008.02.10"]
[Round "6.6"]
[White "Sathyanandha, Senthuran"]
[Black "Grant, David"]
[Result "0-1"]
[WhiteElo "1779"]
[BlackElo "1927"]
[PlyCount "80"]
[EventDate "2008.02.10"]
[EventType "team"]
[EventRounds "11"]
[EventCountry "ENG"]
[SourceDate "2007.09.15"]

1. d4 Nf6 2. c4 e5 3. e3 exd4 4. exd4 Bb4+ 5. Nc3 Qe7+ 6. Be2 Ne4 7. Qc2 d5 8.
cxd5 Bf5 9. Qb3 O-O 10. Nf3 Nxc3 11. bxc3 Bd3 12. Be3 Bxe2 13. Kxe2 Bd6 14.
Rhe1 b6 15. Kf1 Qf6 16. Bg5 Qf5 17. Be7 Bxe7 18. Rxe7 Nd7 19. Rae1 Nf6 20. Ne5
Ne4 21. Re2 Qg5 22. Qa3 Nd2+ 23. Kg1 f6 24. Nc6 Nf3+ {=} 25. Kh1 Nh4 26. f3 Kh8
27. Rxc7 Qxd5 28. Qe7 Nf5 29. Qe4 Qb5 30. Nxa7 Qa6 31. Nc6 Nd6 32. Qg4 Ne8 33.
Rce7 Qc4 34. Nb4 Qxc3 35. Nd5 Qc6 36. Nc7 Rxa2 37. Re1 Ra7 38. d5 Qd6 39. Qd4
Nxc7 40. Qg4 Qxe7 0-1

[Event "4NCL/Div4/OXF3 vs. LIT2"]
[Site "Staverton Park ENG"]
[Date "2008.02.10"]
[Round "6.1"]
[White "Jeffries, Majid"]
[Black "Stewart, Joseph"]
[Result "1/2-1/2"]
[WhiteElo "2012"]
[BlackElo "2005"]
[PlyCount "63"]
[EventDate "2008.02.10"]
[EventType "team"]
[EventRounds "11"]
[EventCountry "ENG"]
[SourceDate "2007.09.15"]

1. Nf3 d5 2. c4 c6 3. e3 Nf6 4. b3 Bg4 5. Bb2 Nbd7 6. d4 e6 7. Be2 Bb4+ 8. Bc3
Qa5 9. Qd2 Bxc3 10. Nxc3 a6 11. cxd5 cxd5 12. Na4 Qxd2+ 13. Nxd2 Rc8 14. Bd3
Ke7 15. f3 Bh5 16. Ke2 Rc7 17. g4 Bg6 18. g5 Nh5 19. b4 Bxd3+ 20. Kxd3 b6 {=}
21. Rhc1 Rhc8 22. Rxc7 Rxc7 23. Nc3 g6 24. a4 f5 25. f4 Ng7 26. a5 b5 27. Ne2
Ne8 28. Rc1 Rxc1 29. Nxc1 Nb8 30. Ncb3 Nd6 31. Nc5 Nc4 32. Nf1 1/2-1/2

[Event "4NCL/Div4/OXF3 vs. LIT2"]
[Site "Staverton Park ENG"]
[Date "2008.02.10"]
[Round "6.2"]
[White "Hewitt, Sean D"]
[Black "Chen, Ti"]
[Result "1-0"]
[WhiteElo "2005"]
[BlackElo "1995"]
[PlyCount "137"]
[EventDate "2008.02.10"]
[EventType "team"]
[EventRounds "11"]
[EventCountry "ENG"]
[SourceDate "2007.09.15"]

1. e4 e6 2. d3 d5 3. Nd2 Nf6 4. g3 c5 5. Bg2 Nc6 6. Ngf3 Be7 7. O-O O-O 8. Re1
b6 9. Nf1 dxe4 10. dxe4 Qxd1 11. Rxd1 e5 12. c3 Bg4 13. Ne3 Rad8 14. Rxd8 Rxd8
15. h3 Bh5 16. Kh2 Nxe4 17. Nxe5 Nxe5 18. Bxe4 Nf3+ 19. Kg2 Ne1+ 20. Kh2 Nd3
21. Nd5 Bf8 22. Bxd3 {=} Rxd5 23. Bc2 Bf3 24. Be3 Be7 25. Re1 Re5 26. Bd2 Rxe1
27. Bxe1 Bg5 28. b3 g6 29. h4 Bc1 30. c4 f6 31. Bc3 Kf7 32. Kh3 Ke6 33. h5 f5
34. hxg6 hxg6 35. Kh2 Bg5 36. Kg1 Bf6 37. Bd2 Be5 38. Kf1 Kf6 39. Ke1 g5 40.
Bd3 Bb2 41. Be2 Be4 42. Kd1 Ba3 43. f4 g4 44. Bc3+ Ke6 45. Be5 Kd7 46. Bc3 a6
47. Kd2 Kc6 48. Bd3 Bxd3 49. Kxd3 b5 50. Bf6 {=} Bb4 51. Bc3 a5 52. cxb5+ Kxb5
53. a4+ Kc6 {=} 54. Bxb4 cxb4 55. Kc4 Kd6 56. Kd4 Kc6 57. Ke5 Kc5 58. Kxf5 Kd4
59. Kxg4 Kc3 60. f5 Kxb3 61. f6 Kxa4 62. f7 b3 63. f8=Q b2 64. Qe8+ Kb3 65.
Qb5+ Kc2 66. Qxa5 b1=Q 67. Qf5+ Kb2 68. Qxb1+ Kxb1 69. Kf5 1-0

[Event "4NCL/Div4/OXF3 vs. LIT2"]
[Site "Staverton Park ENG"]
[Date "2008.02.10"]
[Round "6.3"]
[White "Hadi, Justin"]
[Black "Clarke, Brandon"]
[Result "1/2-1/2"]
[WhiteElo "1985"]
[BlackElo "1888"]
[PlyCount "250"]
[EventDate "2008.02.10"]
[EventType "team"]
[EventRounds "11"]
[EventCountry "ENG"]
[SourceDate "2007.09.15"]

1. f4 e5 2. d3 Nc6 3. Nf3 d6 4. e4 Be7 5. Be2 exf4 6. Bxf4 g5 7. Be3 g4 8. Nd4
Ne5 9. Nc3 c5 10. Nb3 Nf6 11. d4 cxd4 12. Qxd4 a6 13. Rd1 Be6 14. Bg5 Nc6 15.
Qd2 Bxb3 16. axb3 Rg8 17. Bxf6 Bxf6 18. Qxd6 Nd4 19. Qxd8+ Rxd8 20. Bd3 Bh4+
21. g3 Nf3+ 22. Kf2 Be7 23. Nd5 Bc5+ 24. Ke2 Rd6 25. h3 Ne5 26. b4 Ba7 27. Rdf1
Kf8 28. Nf6 Rg6 29. Nxg4 Nxg4 30. hxg4 h6 31. Bc4 Rd7 32. e5 Kg7 33. Rf4 Re7
34. Re4 Bb8 35. Rh5 Rg5 {=} 36. e6 fxe6 37. Kf3 e5 38. Rh1 Rg6 39. Bd5 b5 40.
c4 Rd6 41. Rh5 Rd8 42. g5 hxg5 43. Rxg5+ Kf6 44. Rh5 Kg6 45. Reh4 bxc4 46. Rh6+
Kg7 47. Rh7+ Kf6 48. R4h6+ Kg5 49. Rh5+ Kf6 {=} 50. R7h6+ Kg7 51. Be4 Rf7+ 52.
Ke2 Rd4 53. Ke3 Bd6 54. Rh7+ Kf8 55. Rxf7+ Kxf7 56. g4 Rd1 57. Rh7+ Kf6 58. Ra7
Ra1 59. Rb7 Kg5 60. Rb6 Bf8 61. Rg6+ Kh4 62. Rg8 Bxb4 63. g5 Kg3 64. Bf3 Rf1
65. Be2 Rf4 66. g6 Rd4 67. Bh5 Bd2+ 68. Ke2 Bh6 69. Rh8 Bg7 70. Rg8 Rd7 71. Ra8
e4 72. Rxa6 Kh4 73. Rc6 Kxh5 74. Rxc4 Kxg6 75. Rxe4 Bxb2 76. Ke3 Kg5 77. Re6
Bc1+ 78. Ke4 Rd1 79. Kf3 Rd4 80. Re5+ Kf6 81. Rc5 Ba3 82. Ra5 Bd6 83. Rh5 Ra4
84. Ke3 Be5 85. Kd3 Ke6 86. Ke3 Kd5 87. Kf3 Ra3+ 88. Kg4 Ke4 89. Rh1 Rg3+ 90.
Kh4 Kf5 91. Kh5 Bf4 92. Kh4 Rg2 93. Kh3 Rg3+ 94. Kh4 Rd3 95. Rf1 Rb3 96. Rf2
Rg3 97. Rf1 Rg2 98. Rh1 Rd2 99. Kh3 Rf2 100. Kh4 Rf3 101. Rg1 Rf2 102. Rh1 Rg2
103. Kh3 Rg8 104. Rf1 Rh8+ 105. Kg2 Kg4 106. Kf2 Rh2+ 107. Ke1 Ra2 108. Kd1 Kf5
109. Re1 Bg5 110. Re8 Kf4 111. Ke1 Kf3 112. Kd1 Rd2+ 113. Ke1 Rd7 114. Rf8+ Bf4
115. Rf5 Ke4 116. Rf8 Ra7 117. Re8+ Kf3 118. Kd1 Ra2 119. Rc8 Bh6 120. Rc3+ Ke4
121. Rh3 Rd2+ 122. Ke1 Be3 123. Rh4+ Kd3 124. Kf1 Rf2+ 125. Ke1 Rg2 1/2-1/2

[Event "4NCL/Div4/OXF3 vs. LIT2"]
[Site "Staverton Park ENG"]
[Date "2008.02.10"]
[Round "6.4"]
[White "Mapletoft, Alexander J"]
[Black "Messam-Sparks, Lateefah"]
[Result "0-1"]
[WhiteElo "1865"]
[BlackElo "1922"]
[PlyCount "76"]
[EventDate "2008.02.10"]
[EventType "team"]
[EventRounds "11"]
[EventCountry "ENG"]
[SourceDate "2007.09.15"]

1. e4 c5 2. Nf3 e6 3. d4 cxd4 4. Nxd4 a6 5. Nc3 Qc7 6. Bd2 Nf6 7. Bd3 Nc6 8.
Nxc6 bxc6 9. O-O Be7 10. Kh1 d5 11. f4 Bb7 12. e5 Nd7 13. Qe2 c5 14. b3 g5 15.
Be1 Nb8 16. Bg3 Nc6 17. Rae1 Nd4 18. Qd2 Qa5 19. Bf2 Nb5 20. Bxb5+ axb5 21. Rd1
d4 22. Ne2 Qxd2 23. Rxd2 Rxa2 24. Ng3 O-O 25. Rfd1 Rfa8 26. h3 Rb2 27. c3 dxc3
28. Rd7 c2 29. Rc1 Rb1 30. Be3 Raa1 31. Ne2 c4 32. bxc4 Ba3 33. Rxb7 Bxc1 34.
Bxc1 Rxc1+ 35. Nxc1 Rxc1+ 36. Kh2 Rf1 37. cxb5 c1=Q 38. b6 Qxf4+ 0-1

[Event "4NCL/Div4/OXF3 vs. LIT2"]
[Site "Staverton Park ENG"]
[Date "2008.02.10"]
[Round "6.5"]
[White "Terry, Sean"]
[Black "Turvey, Steven"]
[Result "1-0"]
[WhiteElo "1841"]
[BlackElo "1915"]
[PlyCount "131"]
[EventDate "2008.02.10"]
[EventType "team"]
[EventRounds "11"]
[EventCountry "ENG"]
[SourceDate "2007.09.15"]

1. e4 e5 2. Nf3 Nc6 3. Bc4 Bc5 4. c3 d6 5. d3 h6 6. Nbd2 Nf6 7. Nf1 O-O 8. Ng3
Be6 9. Bxe6 fxe6 10. Qb3 Qc8 11. Bd2 d5 12. O-O Bb6 13. Rae1 Re8 14. Re2 d4 15.
c4 Bc5 16. Ne1 Bd6 17. f4 exf4 18. Bxf4 Bxf4 19. Rxf4 Ne5 20. Nf3 Ng6 21. Rxf6
gxf6 22. Nh5 Rf8 23. Nxd4 c5 24. Nc2 Qc7 25. d4 cxd4 26. Qh3 Qe5 27. Ne1 Kh7
28. Nd3 Qd6 29. Qf3 f5 30. exf5 Rxf5 31. Qxb7+ Ne7 32. Qxa8 Rxh5 33. Qe4+ Kh8
34. g4 Rg5 35. c5 Qd5 36. Qxd5 Nxd5 37. Rxe6 Rxg4+ 38. Kf2 Kg7 39. Rd6 Nf6 40.
Ra6 Rh4 41. Rxa7+ Kf8 42. Kg2 Nd5 43. c6 Ke8 44. c7 Kd7 45. Nc5+ Kc8 46. Na6
Ne7 47. Nb4 Re4 48. Kf2 Rh4 49. Kg3 Nf5+ 50. Kg2 Ne3+ 51. Kf3 Rxh2 52. Na6 Rc2
53. Ra8+ Kb7 54. Rb8+ Kxa6 55. c8=Q+ Rxc8 56. Rxc8 Nd1 57. Rc2 Ne3 58. Rc6+ Kb5
59. Rxh6 Nc4 60. b3 Nd2+ 61. Ke2 Nb1 62. Kd3 Nc3 63. a3 Nb1 64. a4+ Ka5 65.
Rh5+ Kb4 66. Rb5+ 1-0

[Event "4NCL/Div4/OXF3 vs. LIT2"]
[Site "Staverton Park ENG"]
[Date "2008.02.10"]
[Round "6.6"]
[White "Farrall, David J"]
[Black "Henbest, Kevin B"]
[Result "1-0"]
[WhiteElo "1802"]
[BlackElo "1785"]
[PlyCount "73"]
[EventDate "2008.02.10"]
[EventType "team"]
[EventRounds "11"]
[EventCountry "ENG"]
[SourceDate "2007.09.15"]

1. d4 Nf6 2. Nf3 g6 3. c4 Bg7 4. Nc3 O-O 5. e4 d6 6. Be2 e5 7. O-O Nc6 8. d5
Ne7 9. b4 Nh5 10. Re1 f5 11. Bf1 Nf6 12. Nd2 g5 13. f3 f4 14. c5 g4 15. Nc4 h5
16. Ba3 h4 17. cxd6 cxd6 18. b5 g3 19. h3 Bxh3 20. gxh3 Rc8 21. Bxd6 Rxc4 22.
Bxe7 Qb6+ 23. Kh1 Rxc3 24. Bxf8 Bxf8 25. Rc1 Rxc1 26. Qxc1 Qf2 27. Bg2 Bc5 28.
Rf1 Qd4 29. Rd1 Qf2 30. d6 Ng4 31. d7 Ne3 32. d8=Q+ Kf7 33. Rd7+ Ke6 34. Qe8+
Kf6 35. Rf7+ Kg6 36. Qg8+ Kh6 37. Rh7# 1-0

[Event "4NCL/Div4/ANGA2 vs. PPA2"]
[Site "Staverton Park ENG"]
[Date "2008.02.10"]
[Round "6.1"]
[White "Savage, Nicholas W"]
[Black "Richter, Hans"]
[Result "0-1"]
[WhiteElo "2105"]
[BlackElo "2144"]
[PlyCount "38"]
[EventDate "2008.02.10"]
[EventType "team"]
[EventRounds "11"]
[EventCountry "ENG"]
[SourceDate "2007.09.15"]

1. d4 d5 2. c4 e6 3. Nc3 c6 4. e3 Nf6 5. Nf3 Nbd7 6. Bd3 dxc4 7. Bxc4 b5 8. Bd3
a6 9. e4 c5 10. e5 cxd4 11. Nxb5 axb5 12. exf6 gxf6 13. Nxd4 Bb7 14. Qg4 Ra4
15. O-O Bc5 16. Qg7 Ke7 17. Nf5+ exf5 18. Re1+ Kd6 19. Qxf7 Qg8 0-1

[Event "4NCL/Div4/ANGA2 vs. PPA2"]
[Site "Staverton Park ENG"]
[Date "2008.02.10"]
[Round "6.2"]
[White "Dargan, Paul"]
[Black "Lunn, Timothy"]
[Result "1-0"]
[WhiteElo "2185"]
[BlackElo "2074"]
[PlyCount "77"]
[EventDate "2008.02.10"]
[EventType "team"]
[EventRounds "11"]
[EventCountry "ENG"]
[SourceDate "2007.09.15"]

1. e4 c5 2. Nf3 Nc6 3. c3 d5 4. exd5 Qxd5 5. d4 Bg4 6. Be2 Nf6 7. h3 Bh5 8. c4
Qd6 9. d5 Bxf3 10. Bxf3 Nd4 11. O-O g6 12. Be3 Nxf3+ 13. Qxf3 Bg7 14. Nc3 a6
15. Rfe1 O-O 16. Re2 Rfe8 17. Bf4 Qd7 18. Rae1 Rad8 19. b3 Kf8 20. Na4 b5 21.
Nxc5 Qc8 22. Be3 Kg8 23. Rc1 bxc4 24. bxc4 Nd7 25. Nd3 Nf6 26. Ne5 Qc7 27. Nc6
Rd7 28. Bg5 h6 29. Bf4 Qb7 30. Be5 Rc8 31. Rb2 Qa8 32. Nxe7+ Rxe7 33. Bxf6 Bxf6
34. Qxf6 Rce8 35. Rcb1 Qd8 36. Qc3 Re4 37. Rb8 Qe7 38. Rxe8+ Qxe8 39. d6 1-0